আধুনিক বাংলা কাব্যের গতি প্রকৃতি / (Record no. 44276)
[ view plain ]
| 000 -LEADER | |
|---|---|
| fixed length control field | 00883nam a2200217 a 4500 |
| 001 - CONTROL NUMBER | |
| control field | 44276 |
| 003 - CONTROL NUMBER IDENTIFIER | |
| rucl marc code | BD-RjUL |
| 005 - DATE AND TIME OF LATEST TRANSACTION | |
| control field | 20211209053829.0 |
| 008 - FIXED-LENGTH DATA ELEMENTS--GENERAL INFORMATION | |
| fixed length control field | 160716s1957 bg ||||| |||| 00| 0 bg d |
| 035 ## - SYSTEM CONTROL NUMBER | |
| System control number | (BD-RjUL)44394 |
| 040 ## - CATALOGING SOURCE | |
| Original cataloging agency | BD-RjUL |
| Language of cataloging | eng |
| Transcribing agency | BD-RjUL |
| 041 ## - LANGUAGE CODE | |
| Language code of text/sound track or separate title | eng |
| 082 ## - DEWEY DECIMAL CLASSIFICATION NUMBER | |
| Edition number | 23 |
| Classification number | 891.441009 |
| Author mark and year | BAA 1957 |
| 100 ## - MAIN ENTRY--PERSONAL NAME | |
| Personal name | বসু, শুদ্ধসস্ত্ব |
| 9 (RLIN) | 135939 |
| 245 10 - TITLE STATEMENT | |
| Title | আধুনিক বাংলা কাব্যের গতি প্রকৃতি / |
| Statement of responsibility, etc. | শুদ্ধসস্ত্ব বসু, |
| 260 ## - PUBLICATION, DISTRIBUTION, ETC. (IMPRINT) | |
| Place of publication, distribution, etc. | কলিকাতা : |
| Name of publisher, distributor, etc. | রিডার্স কর্ণার, |
| Date of publication, distribution, etc. | ১৯৫৭ |
| 300 ## - PHYSICAL DESCRIPTION | |
| Pagination | [৩], ১৪২পৃ. ; |
| Size | ১৭ সেমি. |
| 650 ## - SUBJECT ADDED ENTRY--TOPICAL TERM | |
| Topical term or geographic name as entry element | বাংলা কাব্য |
| General subdivision | ইতিহাস ও সমালোচনা |
| 9 (RLIN) | 135940 |
| Topical term or geographic name as entry element | Bengali poetry |
| Form subdivision | History and criticism |
| 9 (RLIN) | 117725 |
| 942 ## - ADDED ENTRY ELEMENTS (KOHA) | |
| Source of classification or shelving scheme | Dewey Decimal Classification |
| Koha item type | Books |
| Lost status | Source of classification or shelving scheme | Damaged status | Not for loan | Collection code | Permanent Location | Current Location | Shelving location | Date acquired | Source of acquisition | Cost, normal purchase price | Total Checkouts | Full call number | Date last seen | Date checked out | Copy number | Koha item type |
|---|---|---|---|---|---|---|---|---|---|---|---|---|---|---|---|---|
| Dewey Decimal Classification | Non-fiction | Central Library, University of Rajshahi | Central Library, University of Rajshahi | 19/11/1962 | Kamala book | 2.50 | 2 | B 891.441009 BAA 1957 | 27/04/2026 | 15/04/2026 | C-2 | Books |